000 006400000a22001810004500
003 MACL
005 20160531104827.0
008 160531b xxu||||| |||| 00| 0 eng d
040 _aMACL
_cMACL
041 _aHindi
082 _a900 VED
100 _aवेदालंकार, हरिदत्‍त
_960918
245 _aभारत का सांस्‍कृतिक इतिहास
_cहरिदत्‍त वेदालंकार
260 _bआत्‍माराम एण्‍ड संस
_c2006
_aनई दिल्‍ली
350 _a350
650 _aHistory
_960919
942 _cHIN
_k900
_2ddc
999 _c11705
_d11705